000 01047nmc a2200349 a 4500
003 AR-BaBNM
005 20251128211233.0
008 233020s2002 ||||||||||||||000 | spa||
020 _a84-95294-30-3
040 _cAR-BaBNM
100 1 _aCampagne, Fabián Alejandro
245 1 0 _aHomo catholicus. Homo superstitiosus
_bel discurso antisupersticioso en la España de los siglos XV a XVIII
250 _a1ª ed.
260 _aMadrid
_bMiño y Dávila
_c2002
300 _a686 p.
490 0 _aIdeas en debate. Historia moderna
500 _aContiene índice analítico
504 _aContiene referencias bibliográficas
650 4 _aHISTORIA MODERNA
650 4 _aSUPERSTICION
650 4 _aRELIGION
650 4 _aTEOLOGIA
650 4 _aESTUDIOS CULTURALES
650 4 _aCREENCIA RELIGIOSA
650 4 _aHISTORIA EUROPEA
650 4 _aHISTORIA CULTURAL
653 _aFILOSOFIA MODERNA
700 1 _aBurucúa, José Emilio
_eprologuista
800 1 _aBurucúa, José Emilio
_edirector
942 _cBK
998 _cmartin
999 _c18846
_d18846